المعجم الموضوعى لأيات القران الكريم ;; al mejm al mawdueaa li'ayat al Quran al karim / (Record no. 78161)
[ view plain ]
| 000 -LEADER | |
|---|---|
| fixed length control field | 01178nam a2200277 a 4500 |
| 001 - CONTROL NUMBER | |
| control field | 78161 |
| 003 - CONTROL NUMBER IDENTIFIER | |
| rucl marc code | BD-RjUL |
| 005 - DATE AND TIME OF LATEST TRANSACTION | |
| control field | 20211209083109.0 |
| 008 - FIXED-LENGTH DATA ELEMENTS--GENERAL INFORMATION | |
| fixed length control field | 210403s2006 su ||||| |||| 00| 0 ara d |
| 020 ## - INTERNATIONAL STANDARD BOOK NUMBER | |
| International Standard Book Number | 9772972751 |
| International Standard Book Number | 9789772972753 |
| 035 ## - SYSTEM CONTROL NUMBER | |
| System control number | (BD-RjUL)78387 |
| 040 ## - CATALOGING SOURCE | |
| Original cataloging agency | BD-RjUL |
| Language of cataloging | eng |
| Transcribing agency | BD-RjUL |
| 041 ## - LANGUAGE CODE | |
| Language code of text/sound track or separate title | ara |
| 082 ## - DEWEY DECIMAL CLASSIFICATION NUMBER | |
| Edition number | 23 |
| Classification number | 297.1220253 |
| Author mark and year | ASM 2006 |
| 100 ## - MAIN ENTRY--PERSONAL NAME | |
| Personal name | عصر, صبحي عبد الرؤوف. ; ; 'Asar, Subhi 'Abd al-Ra'uf |
| 9 (RLIN) | 246719 |
| 245 ## - TITLE STATEMENT | |
| Title | المعجم الموضوعى لأيات القران الكريم ;; al mejm al mawdueaa li'ayat al Quran al karim / |
| Statement of responsibility, etc. | صبحى عبد الرؤف عصر؛ أحمد مصطفى قاسم الطهطاوي. طهطاوي، أحمد مصطفى قاسم. ; ; Subhi 'Abd al-Ra'uf 'Asar; Ahmad Mustafa Qasim Tahtawi |
| 260 ## - PUBLICATION, DISTRIBUTION, ETC. (IMPRINT) | |
| Place of publication, distribution, etc. | القاهره : . |
| Name of publisher, distributor, etc. | دار الفضيلة, |
| Date of publication, distribution, etc. | ٢٠٠٦ |
| Place of publication, distribution, etc. | al-Qahirah : |
| Name of publisher, distributor, etc. | Dar al-Fadilah, |
| Date of publication, distribution, etc. | 2006 |
| 300 ## - PHYSICAL DESCRIPTION | |
| Pagination | 542 pages ; |
| Size | 25 cm |
| 500 ## - GENERAL NOTE | |
| General note | Includes indexes. |
| 650 ## - SUBJECT ADDED ENTRY--TOPICAL TERM | |
| Topical term or geographic name as entry element | Qur'an |
| Form subdivision | Indexes, Topical. |
| 9 (RLIN) | 246720 |
| 700 ## - ADDED ENTRY--PERSONAL NAME | |
| Personal name | Ahmad Mustafa Qasim Tahtawi |
| Personal name | طهطاوي، أحمد مصطفى قاسم |
| 942 ## - ADDED ENTRY ELEMENTS (KOHA) | |
| Source of classification or shelving scheme | Dewey Decimal Classification |
| Koha item type | Reference |
| Lost status | Source of classification or shelving scheme | Damaged status | Not for loan | Collection code | Permanent Location | Current Location | Shelving location | Date acquired | Source of acquisition | Cost, normal purchase price | Total Checkouts | Full call number | Date last seen | Copy number | Koha item type |
|---|---|---|---|---|---|---|---|---|---|---|---|---|---|---|---|
| Dewey Decimal Classification | Not For Loan | Reference | Central Library, University of Rajshahi | Central Library, University of Rajshahi | 21/08/2008 | Maktabatul Arabia , Dhaka | 600.00 | AR 297.1220253 ASM 2006 | 03/04/2021 | C-1 | Reference |